000 00306 a2200145 4500
001 171205
020 _a
040 _cMagnum
100 _aAbramovay, Miriam
240 1 0 _aViolencia nas escolas
_lpor
245 1 0 _aViolencia nas escolas
362 0 _a1899
697 _aPROBLEMAS SOCIAIS
942 _cBK
999 _c171205
_d171205